Hướng dẫn tự học CAD 2000 toàn tập; T1

Uloženo v:
Podrobná bibliografie
Hlavní autor: Trung Nguyên
Médium: Kniha
Jazyk:Undetermined
Vydáno: H. Thống Kê 2001
Témata:
Tagy: Přidat tag
Žádné tagy, Buďte první, kdo otaguje tento záznam!
Thư viện lưu trữ: Trung tâm Học liệu Trường Đại học Cần Thơ
LEADER 00585nam a2200193Ia 4500
001 CTU_52999
008 210402s9999 xx 000 0 und d
020 |b 67000 
082 |a 620.00420285 
082 |b Tr513/T1 
100 |a Trung Nguyên 
245 0 |a Hướng dẫn tự học CAD 2000 toàn tập; T1 
245 0 |c Trung Nguyên và Giang Đô 
260 |a H. 
260 |b Thống Kê 
260 |c 2001 
650 |a computer graphics,autocad ( computer programs ) 
650 |x computer programs 
980 |a Trung tâm Học liệu Trường Đại học Cần Thơ